<?xml version="1.0" encoding="UTF-8"?>
<record
    xmlns:xsi="http://www.w3.org/2001/XMLSchema-instance"
    xsi:schemaLocation="http://www.loc.gov/MARC21/slim http://www.loc.gov/standards/marcxml/schema/MARC21slim.xsd"
    xmlns="http://www.loc.gov/MARC21/slim">

  <leader>00410nam a2200133Ia 4500</leader>
  <controlfield tag="005">20251013221655.0</controlfield>
  <controlfield tag="008">251010s9999    xx            000 0 und d</controlfield>
  <datafield tag="041" ind1=" " ind2=" ">
    <subfield code="a">mar</subfield>
  </datafield>
  <datafield tag="100" ind1=" " ind2=" ">
    <subfield code="a">&#x928;&#x93F;&#x92E;&#x917;&#x93F;&#x930;&#x940;&#x915;&#x930;  &#x92D;&#x93E;.</subfield>
    <subfield code="9">214500</subfield>
  </datafield>
  <datafield tag="245" ind1=" " ind2=" ">
    <subfield code="a">&#x938;&#x941;&#x936;&#x93F;&#x915;&#x94D;&#x937;&#x93F;&#x924; &#x92C;&#x947;&#x930;&#x94B;&#x91C;&#x917;&#x93E;&#x930;&#x93E;&#x902;&#x938;&#x93E;&#x920;&#x940; &#x909;&#x917;&#x935;&#x94D;&#x200D;&#x92F;&#x935;&#x938;&#x93E;&#x92F;</subfield>
  </datafield>
  <datafield tag="250" ind1=" " ind2=" ">
    <subfield code="a">1ST</subfield>
  </datafield>
  <datafield tag="260" ind1=" " ind2=" ">
    <subfield code="b">Indrayani</subfield>
    <subfield code="c">1995</subfield>
  </datafield>
  <datafield tag="300" ind1=" " ind2=" ">
    <subfield code="a">143</subfield>
  </datafield>
  <datafield tag="999" ind1=" " ind2=" ">
    <subfield code="c">368789</subfield>
    <subfield code="d">368789</subfield>
  </datafield>
  <datafield tag="952" ind1=" " ind2=" ">
    <subfield code="0">0</subfield>
    <subfield code="1">0</subfield>
    <subfield code="4">0</subfield>
    <subfield code="7">0</subfield>
    <subfield code="a">SSMM</subfield>
    <subfield code="b">SSMM</subfield>
    <subfield code="d">2014-05-15</subfield>
    <subfield code="g">70.00</subfield>
    <subfield code="i">16432</subfield>
    <subfield code="l">0</subfield>
    <subfield code="p">SSMM-ABK-010000793</subfield>
    <subfield code="r">2025-10-13 22:16:55</subfield>
    <subfield code="w">1997-02-13</subfield>
    <subfield code="y">BK</subfield>
    <subfield code="z">ABK010000793</subfield>
  </datafield>
</record>
